Assessing TMDL effectiveness using flow-adjusted concentrations : A case study of the Neuse River, North Carolina /
Enregistré dans:
| Auteur principal: | |
|---|---|
| Autres auteurs: | |
| Format: | Article |
| Langue: | English |
| Sujets: | |
| Tags: |
Ajouter un tag
Pas de tags, Soyez le premier à ajouter un tag!
|
| Thư viện lưu trữ: | Thư viện Trường Đại học Đà Lạt |
|---|
| LEADER | 00955nam a2200313 4500 | ||
|---|---|---|---|
| 001 | DLU090093719 | ||
| 005 | ##20091201 | ||
| 040 | # | # | |a DLU |b eng |
| 041 | # | # | |a eng |
| 044 | # | # | |a us |
| 100 | # | # | |a Stow, Craig A. |
| 245 | # | # | |a Assessing TMDL effectiveness using flow-adjusted concentrations : A case study of the Neuse River, North Carolina / |c Craig A. Stow, Mark E. Borsuk. |
| 653 | # | # | |a Eutrophication |
| 653 | # | # | |a Nitrogen |
| 653 | # | # | |a Phosphorus |
| 653 | # | # | |a Pollutants |
| 653 | # | # | |a Varying flow rate |
| 653 | # | # | |a Water pollution |
| 700 | # | # | |a Borsuk, Mark E. |
| 773 | # | # | |t Environmental Science & Technology |g Vol. 37, no. 10 (May 2003), p. 2043-2050 |
| 920 | # | # | |a Phòng Tạp chí -- Trung tâm Thông tin - Thư viện Trường Đại học Đà Lạt |
| 994 | # | # | |a DLU |
| 900 | # | # | |a True |
| 911 | # | # | |a Trương Bảo Trâm Anh |
| 925 | # | # | |a G |
| 926 | # | # | |a A |
| 927 | # | # | |a BB |
| 980 | # | # | |a Thư viện Trường Đại học Đà Lạt |